Every Lego Movie - Statistics

General Stats
  • This quiz has been taken 38 times
  • The average score is 3 of 9
Answer Stats
Hint Answer % Correct
2014 The Lego Movie
100%
2017 The Lego Batman Movie
56%
2017 The Lego Ninjago Movie
56%
2019 The Lego Movie 2 The Second Part
28%
2004 Bionicle 2 Legends Of Metru Nui
13%
2005 Bionicle 3 Web Of Shadows
13%
2003 Bionicle Mask Of Light
13%
2009 Bionicle The Legend Reborn
9%
2010 The Lego Adventures Of Clutch Powers
9%
No matching quizzes found
Score Distribution
Percent of People with Each Score
Percentile by Number Answered
Your Score History
You have not taken this quiz